The history of british india / (Record no. 151686)

MARC details
000 -LEADER
fixed length control field 00618nam a22001937a 4500
005 - DATE AND TIME OF LATEST TRANSACTION
control field 20180423145830.0
010 ## - LCCN (DPL NO)
LC control number ENG-122779
020 ## - INTERNATIONAL STANDARD BOOK NUMBER
International Standard Book Number 9789382420774
Terms of availability 995.00
035 ## - SYSTEM CONTROL NUMBER
System control number EN-106311
037 ## - SOURCE OF ACQUISITION
Source of stock number/acquisition DBAD/PUB
082 00 - DEWEY DECIMAL CLASSIFICATION NUMBER
Classification number 954.08
100 ## - MAIN ENTRY--PERSONAL NAME
Personal name Palit, Chittabrata
245 10 - TITLE STATEMENT
Title The history of british india /
Statement of responsibility, etc by Chittabrata Palit
260 ## - PUBLICATION, DISTRIBUTION, ETC. (IMPRINT)
Place of publication, distribution, etc New Delhi
Name of publisher, distributor, etc Kunal Books
Date of publication, distribution, etc 2018
270 ## - ADDRESS
Address 4648/21, First Floor, Ansari Road, Daryaganj
City New Delhi
Postal code 110002
Telephone number 011-23275069
Electronic mail address kunalbooks@gmail.com
300 ## - PHYSICAL DESCRIPTION
Extent 350p.
Dimensions 22 cm.(Hb)
500 ## - GENERAL NOTE
General note It include index
942 ## - ADDED ENTRY ELEMENTS (KOHA)
Source of classification or shelving scheme Dewey Decimal Classification
Item type English Books
Classification part 954.08
Call number suffix PAL
Holdings
Withdrawn status Lost status Not for loan Collection code Home library Current library Date acquired Source of acquisition Cost, normal purchase price Full call number Barcode Copy number Cost, replacement price Koha item type
    Not For Loan Non-fiction D.B.Act.Division Sarojini Nagar 23/04/2018 DBAD/PUB 995.00 954.08 PAL EN-106311 1 995.00 English Books

© Delhi Public Library
Hit Counter
free hit counter